Iron Man Quiz (SPOILERS) - Statistics

General Stats
  • This quiz has been taken 82 times
  • The average score is 6 of 9
Answer Stats
Actor Role % Correct
Robert Downey Jr. Tony Stark/Iron Man
100%
Gwyneth Paltrow Pepper Potts
90%
Samuel L. Jackson Nick Fury
84%
Terrence Howard James Rhodes
80%
Jon Favreau Happy Hogan
74%
Jeff Bridges Obadiah Stane/Iron Monger
61%
Clark Gregg Agent Phil Coulson
45%
Shaun Toub Ho Yinsen
25%
Leslie Bibb Christine Everheart
23%
No matching quizzes found
Score Distribution
Percent of People with Each Score
Percentile by Number Answered
Your Score History
You have not taken this quiz